El mercader de Venecia = The Merchant of Venice /

Guardado en:
Detalles Bibliográficos
Autor principal: Radford, Michael (realización)
Otros autores: Radford, Michael (guión) (guión), Delhomme, Bennoît (fotógrafo) (fotógrafo), Sheldon, Sammy (vestuario) (vestuario), Zucchetti, Lucia (montaje) (montaje), Pook, Jocelyn (música) (música), Pacino, Al (actuación) (actuación), Irons, Jeremy (actuación) (actuación), Fiennes, Joseph (actuación) (actuación)
Formato: Audiovisual
Idioma:Inglés
Publicado: Londres, Inglaterra : Contern, Luxemburgo : Roma, Italia : UK Film Council ; Delux Productions ; Immagine e Cinema, 2004, c2004
Temas:
Etiquetas: Agrega una etiqueta
Sin etiquetas, Sé el primero en etiquetar este registro!

MARC

LEADER 00000ngm^a2200000^a^4500
001 000264931
005 20250521000000.0
009 20260310110702.828
037 |a Acervo ITESO - Biblioteca 
041 |a ING 
082 |a 820.  |b RAD 
100 |a Radford, Michael  |e (realización) 
240 1 4 |a [El mercader de Venecia] 
240 1 4 |a [El mercader de Venecia. Adaptaciones] 
245 1 3 |a El mercader de Venecia =  |b The Merchant of Venice /  |c Realización de M. Radford. 
264 4 |a Londres, Inglaterra :  |b UK Film Council ;  |a Contern, Luxemburgo :  |b Delux Productions ;  |a Roma, Italia :  |b Immagine e Cinema,  |c 2004, c2004 
264 2 |a México :  |b Zima Entertainment [distribución],  |c copyright fecha no identificada 
300 |a 1 DVD regiones 1 y 4 (131 min.) :  |b color 
336 |a imagen móvil bidimensional  |b tdi  |2 rdacontenido 
337 |a video  |b v  |2 rdamedio 
338 |a videodisco  |b vd  |2 rdasoporte 
500 |a Basado en: El mercader de Venecia, de William Shakespeare 
546 |a En inglés, con subtítulos opcionales: español 
546 |a Doblaje opcional: español 
586 |a Premio David di Donatello, de la Academia Italiana de Cine (50°: 2005): Mejor Película de la Unión Europea (finalista) 
586 |a Diseño de Indumentaria y Moda: Premio BAFTA, de la Academia Británica de Cine y Televisión (58°: 2004): Mejor Diseño de Vestuario (finalista: Sammy Sheldon) 
649 |a XX 
650 |a Usureros en el Cine 
650 |a Deudor y Acreedor en el Cine 
650 |a Judíos en Venecia, Italia 
650 |a Dramas Cinematográficos 
650 |a Cine Inglés -  |y 2000-2009 
650 |a Cine Inglés -  |y Siglo XXI 
650 |a Comedia Inglesa -  |x Adaptaciones para Cine 
650 |a Teatro Inglés -  |x Adaptaciones para Cine 
650 |a Literatura Inglesa -  |y Siglo XVI -  |x Adaptaciones para Cine 
650 |a Literatura Inglesa -  |y Hasta 1700 -  |x Adaptaciones para Cine 
650 |a Literatura y Cine 
650 |a Cortejo y Seducción 
650 |a Amor 
650 |a Usura 
650 |a Deuda 
650 |a Venganza 
650 |a Antisemitismo 
650 |a Tolerancia e Intolerancia 
650 |a Venecia, Italia en el Cine 
650 |a Italia en el Cine 
700 |a Radford, Michael  |e (guión) 
700 |a Delhomme, Bennoît  |e (fotógrafo) 
700 |a Sheldon, Sammy  |e (vestuario) 
700 |a Zucchetti, Lucia  |e (montaje) 
700 |a Pook, Jocelyn  |e (música) 
700 |a Pacino, Al  |e (actuación) 
700 |a Irons, Jeremy  |e (actuación) 
700 |a Fiennes, Joseph  |e (actuación) 
910 |a Fondo General 
920 |a Audiovisuales - DVDs 
940 |a Películas 
905 |a 302 
901 |a 0500140874  |b IT2  |c DVS  |u 20250521 
901 |a 0500324170  |b IT2  |c DVS  |i D119056  |u 20250521 
902 |a https://opac.biblio.iteso.mx/vufind/Record/000264931